000 00677nam a22001937a 4500
003 JO-AjAnu
005 20251021095455.0
008 251018b jo ||||| |||| 00| 0 ara d
020 _a978-9923-40-452-2
022 _a4993/9/2021
040 _aANU
_cJO-AjAnu
100 _aسلامة، ليلى جاسر
_eمؤلف
_966889
245 _aملمس القطن : قصص قصيرة
_c / ليلى جاسر سلامة
250 _aالطبعة الاولى
260 _aعمان :
_bخطوط وظلال للنشر والتوزيع،
_c2022
300 _a100 صفحة
650 _vالقصص العربية-الأدب العربي-العصر الحديث
942 _2lcc
_cBK
_n0
999 _c34131
_d34131